日本のVTR産業:なぜ世界を制覇できたのか・Video Tape Recorder

Gorde:
Xehetasun bibliografikoak
Egile nagusia: 伊丹敬之
Erakunde egilea: 伊丹研究室
Formatua: Liburua
Hizkuntza:Undetermined
Argitaratua: 東京 NTT出版株式会社 1990
Gaiak:
Etiketak: Etiketa erantsi
Etiketarik gabe, Izan zaitez lehena erregistro honi etiketa jartzen!
Thư viện lưu trữ: Trung tâm Học liệu Trường Đại học Cần Thơ
LEADER 00582nam a2200193Ia 4500
001 CTU_80715
008 210402s9999 xx 000 0 und d
082 |a 658.155 
082 |b I.88 
100 |a 伊丹敬之 
110 |a 伊丹研究室 
245 0 |a 日本のVTR産業:なぜ世界を制覇できたのか・Video Tape Recorder 
245 0 |c 伊丹敬之,伊丹研究室 
260 |a 東京 
260 |b NTT出版株式会社 
260 |c 1990 
650 |a Enginerring Economy 
904 |i Ngoc,Hải 
980 |a Trung tâm Học liệu Trường Đại học Cần Thơ